Το πρόβλημα της διασποράς των όπλων μαζικής καταστροφής στη Μεσόγειο : διπλωματική εργασία [πτυχιακή εργασία]

Αποθηκεύτηκε σε:
Λεπτομέρειες βιβλιογραφικής εγγραφής
Κύριος συγγραφέας: Καρακουλάκη, Μαριάνθη
Συγγραφή απο Οργανισμό/Αρχή: Πανεπιστήμιο Αιγαίου Σχολή Ανθρωπιστικών Επιστημών Τμήμα Μεσογειακών Σπουδών
Άλλοι συγγραφείς: Τσάκωνας, Παναγιώτης Ι. (Εισηγητής διατριβής)
Μορφή: Thesis Βιβλίο
Γλώσσα:Greek
Δημοσίευση: 2011
Θέματα:
Ετικέτες: Προσθήκη ετικέτας
Δεν υπάρχουν, Καταχωρήστε ετικέτα πρώτοι!

MARC

LEADER 00000cam a2200000 i 4500
001 1/17472
008 120127s2011 gre d
035 |l 10111729 
040 |a GR-MY-UA  |b gre  |e aacr 
041 0 |a gre 
082 0 |a 355.031 ΚΑΡ  |2 (22) 
100 1 |a Καρακουλάκη, Μαριάνθη. 
245 1 3 |a Το πρόβλημα της διασποράς των όπλων μαζικής καταστροφής στη Μεσόγειο :  |b διπλωματική εργασία [πτυχιακή εργασία] /  |c Μαριάνθη Καρακουλάκη ; επιβλέπων: Παναγιώτης Τσάκωνας 
260 |c 2011 
300 |a 58 σ.;  |c 30 εκ. 
500 |a Μέλη εξεταστικής επιτροπής: Παρασκευή Κεφαλά, Ιωάννης Σεϊμένης 
502 # # |a Πτυχιακή εργασία – Πανεπιστήμιο Αιγαίου, Ρόδος, 2011. 
504 |a Βιβλιογραφία: σ. 47-55 
650 0 0 |a Military policy. 
650 0 0 |a Dissertations, Academic  |z Greece. 
650 0 0 |a Security, International. 
651 0 |a Mediterranean Region  |x Defenses. 
651 0 |a Mediterranean Region  |x Politics and government. 
700 1 |4 ths  |a Τσάκωνας, Παναγιώτης Ι. 
710 2 |a Πανεπιστήμιο Αιγαίου  |b Σχολή Ανθρωπιστικών Επιστημών  |b Τμήμα Μεσογειακών Σπουδών. 
852 |a INST  |b RHODES  |c DIATR  |e 20120127  |h 355.031 ΚΑΡ  |p 005400033947  |q 005400033947  |t DIE  |y 23 
852 |a INST  |b RHODES  |c DIATR  |e 20120127  |h 355.031 ΚΑΡ  |p 005400033948  |q 005400033948  |t DIE  |y 23 
901 |a BIBL4-2012-1 
909 |a Ρ  |b 170594 
909 |a Ρ  |b 170595 
924 |a ΚΑΡΑΚΟΥΛΑΚΗ  |b ΜΑΡΙΑΝΘΗ  |y ΡΟΔΟΣ  |z 2011-07 
970 |z 2012/01/27